Geography Quiz

Random Geography or State Quiz

Counties of Maryland [Map!] Quiz Stats

Quiz not verified by Sporcle

Score 0/24 Timer 05:00
0 Plays Today
% Correct
6.Baltimore County
89.5%
1.Garrett County
89.4%
3.Washington County
87%
4.Frederick County
85.7%
9.Montgomery County
82.2%
2.Allegany County
82.2%
10.Howard County
81.7%
8.Cecil County
81%
5.Carroll County
80.5%
12.Prince George's County
79.7%
7.Harford County
78.3%
13.Anne Arundel County
77.4%
% Correct
11.Kent County
71.2%
Independent CityBaltimore City
70.6%
19.St. Mary's County
67.1%
14.Queen Anne's County
67%
16.Calvert County
66.7%
15.Charles County
66.3%
21.Wicomico County
63.4%
17.Talbot County
62.9%
18.Caroline County
60.6%
20.Dorchester County
60.5%
22.Somerset County
58.2%
23.Worcester County
58.2%

You're not logged in!

Compare scores with friends on all Sporcle quizzes.
Sign Up with Email
OR
Log In

You Might Also Like...

Show Comments

Extras

Top Quizzes Today


Score Distribution

Your Account Isn't Verified!

In order to create a playlist on Sporcle, you need to verify the email address you used during registration. Go to your Sporcle Settings to finish the process.

Report this User

Report this user for behavior that violates our Community Guidelines.

Details: